000 01447pam a2200361 a 4500
001 1071734
003 ARRUPE
005 20140918164716.0
008 910930s1992 enk b 001 0 eng
010 _a 91037585
020 _a0198242735 :
_c£45.00
020 _a0198751311 (pbk.)
040 _aDLC
_cDLC
_dDLC
050 0 0 _aB835.5
_b.R43 1992
245 0 0 _aReduction, explanation, and realism /
_cedited by David Charles and Kathleen Lennon.
260 _aOxford :
_bClarendon Press ;
_aOxford ;
_aNew York :
_bOxford University Press,
_c1992.
300 _aviii, 478 p. ;
_c22 cm.
504 _aIncludes bibliographical references (p. [467]-475) and index.
650 0 _aReductionism.
_911376
650 0 _aPhilosophy of mind.
_911377
650 0 _aEthics.
_911378
650 0 _aLife sciences
_xPhilosophy.
_911379
650 0 _aSocial sciences
_xPhilosophy.
_911380
650 0 _aPhysical sciences
_xPhilosophy.
_911381
650 0 _aExplanation.
_911382
650 0 _aRealism.
_911315
700 1 _aCharles, David
_q(David Owain Maurice)
_911383
700 1 _aLennon, Kathleen.
_911384
856 4 2 _3Publisher description
_uhttp://www.loc.gov/catdir/enhancements/fy0606/91037585-d.html
906 _a7
_bcbc
_corignew
_d1
_eocip
_f19
_gy-gencatlg
942 _2lcc
_cMONOGRAPH
999 _c120870
_d120870